MARC details
| 000 -LEADER |
| fixed length control field |
01705nam a22004571a 4500 |
| 001 - CONTROL NUMBER |
| control field |
12043 |
| 003 - CONTROL NUMBER IDENTIFIER |
| control field |
BD-JhCC |
| 005 - DATE AND TIME OF LATEST TRANSACTION |
| control field |
20221128134022.0 |
| 006 - FIXED-LENGTH DATA ELEMENTS--ADDITIONAL MATERIAL CHARACTERISTICS |
| fixed length control field |
a || d | |
| 007 - PHYSICAL DESCRIPTION FIXED FIELD--GENERAL INFORMATION |
| fixed length control field |
ta |
| 008 - FIXED-LENGTH DATA ELEMENTS--GENERAL INFORMATION |
| fixed length control field |
210309s20152013enka jo| 000|||eng|d |
| 015 ## - NATIONAL BIBLIOGRAPHY NUMBER |
| National bibliography number |
GBB4D4676 |
| Source |
bnb |
| 020 ## - INTERNATIONAL STANDARD BOOK NUMBER |
| International Standard Book Number |
9780141353074 |
| 035 ## - SYSTEM CONTROL NUMBER |
| System control number |
(BD-JhCC)12043 |
| 037 ## - SOURCE OF ACQUISITION |
| Stock number |
PenguinGroup386698 |
| Source of stock number/acquisition |
Ingram Content Group |
| 040 ## - CATALOGING SOURCE |
| Original cataloging agency |
StDuBDS |
| Language of cataloging |
eng |
| Description conventions |
rda |
| -- |
pn |
| Transcribing agency |
StDuBDS |
| Modifying agency |
Uk |
| -- |
BD-JhCC |
| 042 ## - AUTHENTICATION CODE |
| Authentication code |
ukblsr |
| 082 04 - DEWEY DECIMAL CLASSIFICATION NUMBER |
| Classification number |
813.6 |
| Edition number |
23 |
| Item number |
KIN 2015 |
| 100 1# - MAIN ENTRY--PERSONAL NAME |
| Personal name |
Kinney, Jeff, |
| Relator term |
author. |
| 245 10 - TITLE STATEMENT |
| Title |
Diary of a wimpy kid : |
| Remainder of title |
hard luck / |
| Statement of responsibility, etc. |
by Jeff Kinney. |
| 264 #1 - PRODUCTION, PUBLICATION, DISTRIBUTION, MANUFACTURE, AND COPYRIGHT NOTICE |
| Place of production, publication, distribution, manufacture |
London : |
| Name of producer, publisher, distributor, manufacturer |
Puffin, |
| Date of production, publication, distribution, manufacture, or copyright notice |
2015. |
| 300 ## - PHYSICAL DESCRIPTION |
| Extent |
233 p. : |
| Other physical details |
illustrations (black and white). |
| 336 ## - CONTENT TYPE |
| Content type term |
text |
| Source |
rdacontent |
| 336 ## - CONTENT TYPE |
| Content type term |
still image |
| Source |
rdacontent |
| 337 ## - MEDIA TYPE |
| Media type term |
computer |
| Source |
rdamedia |
| 338 ## - CARRIER TYPE |
| Carrier type term |
online resource |
| Source |
rdacarrier |
| 490 0# - SERIES STATEMENT |
| Series statement |
Diary of a wimpy kid ; |
| Volume/sequential designation |
8 |
| 500 ## - GENERAL NOTE |
| General note |
Originally published: 2013. |
| 500 ## - GENERAL NOTE |
| General note |
Academic |
| 506 1# - RESTRICTIONS ON ACCESS NOTE |
| Terms governing access |
Legal Deposit; |
| Physical access provisions |
Only available on premises controlled by the deposit library and to one user at any one time; |
| Authorization |
The Legal Deposit Libraries (Non-Print Works) Regulations (UK). |
| Institution to which field applies |
UkOxU |
| 521 1# - TARGET AUDIENCE NOTE |
| Target audience note |
9+. |
| 540 ## - TERMS GOVERNING USE AND REPRODUCTION NOTE |
| Terms governing use and reproduction |
Restricted: Printing from this resource is governed by The Legal Deposit Libraries (Non-Print Works) Regulations (UK) and UK copyright law currently in force. |
| Institution to which field applies |
UkOxU |
| 588 ## - SOURCE OF DESCRIPTION NOTE |
| Source of description note |
Description based on CIP data; item not viewed. |
| 650 #0 - SUBJECT ADDED ENTRY--TOPICAL TERM |
| Topical term or geographic name entry element |
Heffley, Greg (Fictitious character) |
| Form subdivision |
Juvenile fiction. |
| 655 #0 - INDEX TERM--GENRE/FORM |
| Genre/form data or focus term |
Diary fiction. |
| 655 #0 - INDEX TERM--GENRE/FORM |
| Genre/form data or focus term |
Children's stories. |
| 776 08 - ADDITIONAL PHYSICAL FORM ENTRY |
| Relationship information |
Print version: |
| International Standard Book Number |
9780141355481 |
| 942 ## - ADDED ENTRY ELEMENTS (KOHA) |
| Source of classification or shelving scheme |
Dewey Decimal Classification |
| Koha item type |
Books |
| Koha issues (borrowed), all copies |
6 |